[Event "IM/GM Round-Robin"]
[Site "Heerlen and Maastricht, NL"]
[Date "2024.05.17"]
[Round "4"]
[White "Fier, Alexandr"]
[Black "De Winter, Arthur"]
[Result "1-0"]
[Board "2"]
[WhiteFideId "2107139"]
[BlackFideId "1069020"]
[WhiteTitle "GM"]
[BlackTitle "IM"]
[WhiteElo "2574"]
[BlackElo "2407"]
[WhiteTeam "BRA"]
[BlackTeam "NED"]
[WhiteClock "1:27:26"]
[BlackClock "0:01:03"]
[Variant "Standard"]

1. e4 {[%clk 2:00:26]}  e5 {[%clk 2:00:27]} 2. Nf3 {[%clk 2:00:36]}  Nc6 {[%clk 2:00:40]} 3. Bb5 {[%clk 2:00:47]}  a6 {[%clk 2:00:51]} 4. Ba4 {[%clk 2:00:59]}  Nf6 {[%clk 2:01:02]} 5. O-O {[%clk 2:01:06]}  b5 {[%clk 2:01:14]} 6. Bb3 {[%clk 2:01:17]}  Bc5 {[%clk 2:01:26]} 7. Nc3 {[%clk 1:58:30]}  O-O {[%clk 1:49:17]} 8. Nd5 {[%clk 1:58:41]}  Nxe4 {[%clk 0:55:28]} 9. d3 {[%clk 1:58:16]}  Nf6 {[%clk 0:55:10]} 10. Bg5 {[%clk 1:58:27]}  Be7 {[%clk 0:54:16]} 11. Nxe7+ {[%clk 1:58:38]}  Qxe7 {[%clk 0:54:24]} 12. Re1 {[%clk 1:58:50]}  h6 {[%clk 0:47:14]} 13. Bh4 {[%clk 1:59:00]}  Bb7 {[%clk 0:43:22]} 14. d4 {[%clk 1:46:36]}  e4 {[%clk 0:41:23]} 15. c3 {[%clk 1:46:21]}  Rfe8 {[%clk 0:38:01]} 16. a4 {[%clk 1:41:38]}  Qd8 {[%clk 0:33:35]} 17. Nd2 {[%clk 1:41:19]}  g5 {[%clk 0:32:33]} 18. Bg3 {[%clk 1:41:30]}  Ne7 {[%clk 0:32:01]} 19. Nf1 {[%clk 1:38:59]}  Nf5 {[%clk 0:29:53]} 20. Ne3 {[%clk 1:39:11]}  Ng7 {[%clk 0:23:54]} 21. Qe2 {[%clk 1:39:15]}  bxa4 {[%clk 0:23:14]} 22. Rxa4 {[%clk 1:39:19]}  d6 {[%clk 0:22:49]} 23. Rea1 {[%clk 1:38:39]}  Rb8 {[%clk 0:17:08]} 24. Ra5 {[%clk 1:38:04]}  Bc8 {[%clk 0:14:19]} 25. Ba4 {[%clk 1:38:15]}  Bd7 {[%clk 0:13:34]} 26. h4 {[%clk 1:38:24]}  Bxa4 {[%clk 0:12:31]} 27. R1xa4 {[%clk 1:38:35]}  Nfh5 {[%clk 0:11:01]} 28. hxg5 {[%clk 1:34:03]}  hxg5 {[%clk 0:11:07]} 29. b4 {[%clk 1:34:16]}  Re6 {[%clk 0:03:33]} 30. Rxa6 {[%clk 1:32:18]}  Nxg3 {[%clk 0:03:32]} 31. fxg3 {[%clk 1:32:30]}  f5 {[%clk 0:03:23]} 32. Qc4 {[%clk 1:32:32]}  f4 {[%clk 0:02:47]} 33. Nd5 {[%clk 1:29:44]}  c6 {[%clk 0:02:30]} 34. Rxc6 {[%clk 1:29:31]}  e3 {[%clk 0:02:14]} 35. Nc7 {[%clk 1:29:19]}  d5 {[%clk 0:01:03]} 36. Nxe6 {[%clk 1:29:12]}  dxc4 {[%clk 0:01:03]} 37. Nxd8 {[%clk 1:29:22]}  Rxd8 {[%clk 0:01:17]} 38. g4 {[%clk 1:27:16]}  Re8 {[%clk 0:01:03]} 39. Kf1 {[%clk 1:27:26]} 1-0

[Event "IM/GM Round-Robin"]
[Site "Heerlen and Maastricht, NL"]
[Date "2024.05.17"]
[Round "4"]
[White "Ernst, Sipke"]
[Black "Feuerstack, Aljoscha"]
[Result "1-0"]
[Board "3"]
[WhiteFideId "1004689"]
[BlackFideId "4681932"]
[WhiteTitle "GM"]
[BlackTitle "IM"]
[WhiteElo "2528"]
[BlackElo "2487"]
[WhiteTeam "NED"]
[BlackTeam "GER"]
[WhiteClock "0:01:46"]
[BlackClock "0:00:52"]
[Variant "Standard"]

1. d4 {[%clk 2:00:25]}  d5 {[%clk 2:00:25]} 2. c4 {[%clk 2:00:25]}  e6 {[%clk 2:00:35]} 3. Nf3 {[%clk 2:00:17]}  Nf6 {[%clk 2:00:43]} 4. g3 {[%clk 2:00:28]}  dxc4 {[%clk 2:00:45]} 5. Bg2 {[%clk 2:00:38]}  Bb4+ {[%clk 2:00:55]} 6. Bd2 {[%clk 1:59:24]}  a5 {[%clk 2:00:59]} 7. O-O {[%clk 1:57:33]}  O-O {[%clk 2:00:29]} 8. Qc2 {[%clk 1:49:54]}  Bxd2 {[%clk 2:00:00]} 9. Nbxd2 {[%clk 1:47:40]}  b5 {[%clk 2:00:06]} 10. a4 {[%clk 1:46:55]}  c6 {[%clk 2:00:09]} 11. b3 {[%clk 1:47:00]}  cxb3 {[%clk 2:00:04]} 12. Nxb3 {[%clk 1:46:08]}  Ba6 {[%clk 1:54:40]} 13. Ne5 {[%clk 1:28:36]}  bxa4 {[%clk 1:53:37]} 14. Rxa4 {[%clk 1:25:33]}  Bb5 {[%clk 1:53:40]} 15. Ra3 {[%clk 1:19:58]}  a4 {[%clk 1:52:01]} 16. Qb2 {[%clk 1:17:29]}  Nbd7 {[%clk 1:20:43]} 17. Nxc6 {[%clk 1:10:53]}  Bxc6 {[%clk 1:20:52]} 18. Bxc6 {[%clk 1:11:04]}  Nb6 {[%clk 1:19:24]} 19. Nd2 {[%clk 1:05:31]}  Ra6 {[%clk 0:55:29]} 20. Rc1 {[%clk 0:55:17]}  Qd6 {[%clk 0:52:01]} 21. Bb7 {[%clk 0:53:38]}  Ra7 {[%clk 0:41:18]} 22. Rc6 {[%clk 0:53:00]}  Qxa3 {[%clk 0:41:18]} 23. Qxa3 {[%clk 0:53:10]}  Rxb7 {[%clk 0:41:30]} 24. Nf3 {[%clk 0:37:22]}  Ra8 {[%clk 0:39:07]} 25. Ne5 {[%clk 0:35:51]}  Nbd7 {[%clk 0:32:55]} 26. Nd3 {[%clk 0:22:26]}  g6 {[%clk 0:19:59]} 27. Nb4 {[%clk 0:16:37]}  Nb6 {[%clk 0:15:20]} 28. Kg2 {[%clk 0:12:42]}  Kg7 {[%clk 0:14:38]} 29. Na2 {[%clk 0:08:50]}  Nbd5 {[%clk 0:13:26]} 30. Nc1 {[%clk 0:08:43]}  h5 {[%clk 0:08:31]} 31. Rc4 {[%clk 0:08:42]}  Rc7 {[%clk 0:06:19]} 32. Rxc7 {[%clk 0:07:31]}  Nxc7 {[%clk 0:06:30]} 33. f3 {[%clk 0:06:54]}  Ra6 {[%clk 0:04:57]} 34. Na2 {[%clk 0:06:26]}  Nfe8 {[%clk 0:03:12]} 35. e4 {[%clk 0:05:09]}  Nb5 {[%clk 0:02:46]} 36. Qc5 {[%clk 0:04:58]}  Nec7 {[%clk 0:02:50]} 37. d5 {[%clk 0:04:34]}  exd5 {[%clk 0:01:50]} 38. exd5 {[%clk 0:04:48]}  a3 {[%clk 0:01:44]} 39. Qc4 {[%clk 0:04:16]}  Kg8 {[%clk 0:01:49]} 40. h4 {[%clk 0:04:03]}  Kg7 {[%clk 0:01:32]} 41. Kh3 {[%clk 0:03:45]}  Rf6 {[%clk 0:01:24]} 42. Kg2 {[%clk 0:03:38]}  Ra6 {[%clk 0:01:37]} 43. g4 {[%clk 0:03:47]}  Kg8 {[%clk 0:01:25]} 44. Kg3 {[%clk 0:03:16]}  Kg7 {[%clk 0:01:37]} 45. Nc3 {[%clk 0:02:11]}  Rb6 {[%clk 0:00:19]} 46. Qc5 {[%clk 0:01:32]}  Nxc3 {[%clk 0:00:16]} 47. Qxc3+ {[%clk 0:01:36]}  Kg8 {[%clk 0:00:18]} 48. Qxc7 {[%clk 0:01:47]}  a2 {[%clk 0:00:32]} 49. Qa7 {[%clk 0:01:13]}  Rb2 {[%clk 0:00:16]} 50. gxh5 {[%clk 0:01:22]}  Rd2 {[%clk 0:00:24]} 51. hxg6 {[%clk 0:01:28]}  fxg6 {[%clk 0:00:38]} 52. d6 {[%clk 0:01:32]}  Kh8 {[%clk 0:00:42]} 53. d7 {[%clk 0:01:32]}  Rxd7 {[%clk 0:00:52]} 54. Qxa2 {[%clk 0:01:46]} 1-0

[Event "IM/GM Round-Robin"]
[Site "Heerlen and Maastricht, NL"]
[Date "2024.05.17"]
[Round "4"]
[White "Kramer, Julian"]
[Black "Pham, Khoi"]
[Result "1-0"]
[Board "4"]
[WhiteFideId "12921742"]
[BlackFideId "1054988"]
[WhiteTitle "IM"]
[BlackTitle "FM"]
[WhiteElo "2479"]
[BlackElo "2399"]
[WhiteTeam "GER"]
[BlackTeam "NED"]
[WhiteClock "0:03:51"]
[BlackClock "0:00:20"]
[Variant "Standard"]

1. e4 {[%clk 1:59:56]}  e5 {[%clk 1:59:59]} 2. Nf3 {[%clk 2:00:06]}  Nc6 {[%clk 1:59:48]} 3. Bc4 {[%clk 2:00:15]}  Nf6 {[%clk 1:59:55]} 4. d3 {[%clk 2:00:25]}  Bc5 {[%clk 1:59:24]} 5. h3 {[%clk 2:00:18]}  d6 {[%clk 1:59:05]} 6. Nc3 {[%clk 1:55:52]}  a6 {[%clk 1:55:54]} 7. O-O {[%clk 1:52:07]}  h6 {[%clk 1:52:19]} 8. Be3 {[%clk 1:50:23]}  O-O {[%clk 1:51:15]} 9. a3 {[%clk 1:48:35]}  Bxe3 {[%clk 1:41:42]} 10. fxe3 {[%clk 1:48:46]}  b5 {[%clk 1:40:12]} 11. Ba2 {[%clk 1:48:21]}  Ne7 {[%clk 1:39:43]} 12. Nh4 {[%clk 1:44:44]}  Be6 {[%clk 1:28:39]} 13. Rxf6 {[%clk 1:41:48]}  gxf6 {[%clk 1:07:32]} 14. Qh5 {[%clk 1:39:36]}  Kh7 {[%clk 1:03:43]} 15. Nd5 {[%clk 1:04:30]}  Ng6 {[%clk 0:49:47]} 16. Nf5 {[%clk 0:58:24]}  Bxf5 {[%clk 0:49:30]} 17. Qxf5 {[%clk 0:53:47]}  Kg7 {[%clk 0:44:07]} 18. Rf1 {[%clk 0:53:02]}  c6 {[%clk 0:42:02]} 19. Nxf6 {[%clk 0:52:33]}  Ra7 {[%clk 0:41:32]} 20. h4 {[%clk 0:48:01]}  Nf4 {[%clk 0:37:58]} 21. Qh7+ {[%clk 0:43:05]}  Kxf6 {[%clk 0:38:08]} 22. exf4 {[%clk 0:43:17]}  Ke7 {[%clk 0:32:47]} 23. fxe5 {[%clk 0:43:07]}  Ke8 {[%clk 0:29:02]} 24. Qxh6 {[%clk 0:38:12]}  Qb6+ {[%clk 0:24:46]} 25. Kh2 {[%clk 0:38:21]}  dxe5 {[%clk 0:24:43]} 26. Bd5 {[%clk 0:32:21]}  Rc7 {[%clk 0:17:43]} 27. Qd6 {[%clk 0:24:28]}  Qb7 {[%clk 0:16:41]} 28. Qxe5+ {[%clk 0:24:21]}  Kd8 {[%clk 0:13:48]} 29. Qg7 {[%clk 0:18:26]}  Ke8 {[%clk 0:13:28]} 30. Bb3 {[%clk 0:18:06]}  Re7 {[%clk 0:12:43]} 31. Rf5 {[%clk 0:15:16]}  Qc7+ {[%clk 0:12:19]} 32. g3 {[%clk 0:15:05]}  f6 {[%clk 0:07:43]} 33. Qg6+ {[%clk 0:15:15]}  Kd8 {[%clk 0:07:54]} 34. Rxf6 {[%clk 0:14:39]}  Rxf6 {[%clk 0:07:57]} 35. Qxf6 {[%clk 0:14:50]}  Kc8 {[%clk 0:08:08]} 36. Be6+ {[%clk 0:13:12]}  Kb7 {[%clk 0:08:17]} 37. e5 {[%clk 0:13:14]}  Rh7 {[%clk 0:06:32]} 38. d4 {[%clk 0:12:36]}  Qa5 {[%clk 0:05:28]} 39. c3 {[%clk 0:11:07]}  Qa4 {[%clk 0:05:34]} 40. Qf2 {[%clk 0:10:39]}  Qd1 {[%clk 0:05:11]} 41. Bh3 {[%clk 0:10:30]}  Qb3 {[%clk 0:04:15]} 42. e6 {[%clk 0:07:44]}  Re7 {[%clk 0:04:23]} 43. Bf5 {[%clk 0:07:15]}  a5 {[%clk 0:03:22]} 44. g4 {[%clk 0:06:10]}  b4 {[%clk 0:03:33]} 45. axb4 {[%clk 0:06:22]}  axb4 {[%clk 0:03:47]} 46. cxb4 {[%clk 0:05:40]}  Qxb4 {[%clk 0:03:58]} 47. h5 {[%clk 0:05:48]}  Qd6+ {[%clk 0:02:40]} 48. Kg2 {[%clk 0:05:00]}  Qd5+ {[%clk 0:02:48]} 49. Kg3 {[%clk 0:05:10]}  Qh1 {[%clk 0:01:58]} 50. Qe3 {[%clk 0:05:05]}  Qd5 {[%clk 0:00:44]} 51. h6 {[%clk 0:05:07]}  Qd6+ {[%clk 0:00:44]} 52. Qf4 {[%clk 0:04:54]}  Qb4 {[%clk 0:00:31]} 53. h7 {[%clk 0:04:55]}  Qe1+ {[%clk 0:00:41]} 54. Qf2 {[%clk 0:04:36]}  Qh1 {[%clk 0:00:51]} 55. Qe3 {[%clk 0:04:46]}  Re8 {[%clk 0:00:39]} 56. Be4 {[%clk 0:04:02]}  Qf1 {[%clk 0:00:23]} 57. Bg6 {[%clk 0:03:57]}  Rxe6 {[%clk 0:00:17]} 58. Qxe6 {[%clk 0:04:04]}  Qg1+ {[%clk 0:00:20]} 59. Kh4 {[%clk 0:03:51]} 1-0

[Event "IM/GM Round-Robin"]
[Site "Heerlen and Maastricht, NL"]
[Date "2024.05.17"]
[Round "4"]
[White "Van Dael, Siem"]
[Black "Vandenbussche, Thibaut"]
[Result "0-1"]
[Board "5"]
[WhiteFideId "1049771"]
[BlackFideId "204412"]
[WhiteTitle "FM"]
[BlackTitle "IM"]
[WhiteElo "2275"]
[BlackElo "2424"]
[WhiteTeam "NED"]
[BlackTeam "BEL"]
[WhiteClock "0:00:27"]
[BlackClock "0:04:24"]
[Variant "Standard"]

1. e4 {[%clk 2:00:23]}  d6 {[%clk 2:00:28]} 2. d4 {[%clk 1:59:51]}  Nf6 {[%clk 2:00:40]} 3. Nc3 {[%clk 1:59:59]}  e5 {[%clk 2:00:49]} 4. Nf3 {[%clk 2:00:06]}  Nbd7 {[%clk 2:01:02]} 5. Rg1 {[%clk 2:00:13]}  c6 {[%clk 2:00:57]} 6. g4 {[%clk 1:59:52]}  h6 {[%clk 2:01:03]} 7. Be3 {[%clk 1:59:13]}  Be7 {[%clk 2:00:52]} 8. Be2 {[%clk 1:57:14]}  Qa5 {[%clk 1:56:55]} 9. Qd2 {[%clk 1:50:56]}  b5 {[%clk 1:56:04]} 10. Bd3 {[%clk 1:42:55]}  b4 {[%clk 1:47:58]} 11. Ne2 {[%clk 1:38:43]}  c5 {[%clk 1:46:49]} 12. dxe5 {[%clk 1:34:57]}  Nxe5 {[%clk 1:39:11]} 13. Nxe5 {[%clk 1:35:04]}  dxe5 {[%clk 1:39:25]} 14. f3 {[%clk 1:33:23]}  Be6 {[%clk 1:37:39]} 15. c4 {[%clk 1:26:10]}  Rd8 {[%clk 1:29:43]} 16. b3 {[%clk 1:25:51]}  Nh7 {[%clk 1:16:35]} 17. Bf2 {[%clk 1:22:23]}  Rd7 {[%clk 1:09:51]} 18. a4 {[%clk 1:14:01]}  Qd8 {[%clk 0:57:49]} 19. O-O-O {[%clk 1:09:39]}  Bg5 {[%clk 0:55:35]} 20. Be3 {[%clk 1:09:47]}  O-O {[%clk 0:43:45]} 21. Bxg5 {[%clk 1:02:05]}  Qxg5 {[%clk 0:40:27]} 22. Qxg5 {[%clk 0:49:34]}  Nxg5 {[%clk 0:40:40]} 23. Rgf1 {[%clk 0:49:39]}  Rfd8 {[%clk 0:40:34]} 24. Kc2 {[%clk 0:49:31]}  Nh3 {[%clk 0:40:07]} 25. Nc1 {[%clk 0:44:27]}  Nf4 {[%clk 0:37:32]} 26. Be2 {[%clk 0:44:13]}  Ng2 {[%clk 0:35:46]} 27. Rxd7 {[%clk 0:44:21]}  Rxd7 {[%clk 0:34:40]} 28. Nd3 {[%clk 0:44:27]}  Ne3+ {[%clk 0:31:28]} 29. Kc1 {[%clk 0:44:13]}  Nxf1 {[%clk 0:26:20]} 30. Bxf1 {[%clk 0:40:54]}  Rxd3 {[%clk 0:26:30]} 31. Bxd3 {[%clk 0:41:01]}  h5 {[%clk 0:26:44]} 32. h3 {[%clk 0:39:58]}  Kh7 {[%clk 0:26:27]} 33. Kd2 {[%clk 0:13:47]}  Kh6 {[%clk 0:26:29]} 34. Ke3 {[%clk 0:13:57]}  Kg5 {[%clk 0:26:34]} 35. Bf1 {[%clk 0:12:40]}  g6 {[%clk 0:21:06]} 36. Bd3 {[%clk 0:11:55]}  Kh4 {[%clk 0:20:04]} 37. Bf1 {[%clk 0:06:46]}  Kg3 {[%clk 0:20:04]} 38. a5 {[%clk 0:06:36]}  h4 {[%clk 0:12:50]} 39. Ke2 {[%clk 0:05:53]}  Bd7 {[%clk 0:09:13]} 40. Ke3 {[%clk 0:06:01]}  f6 {[%clk 0:06:46]} 41. Ke2 {[%clk 0:06:11]}  Kf4 {[%clk 0:06:17]} 42. Kf2 {[%clk 0:06:22]}  f5 {[%clk 0:05:07]} 43. exf5 {[%clk 0:01:53]}  gxf5 {[%clk 0:05:21]} 44. g5 {[%clk 0:01:36]}  Be8 {[%clk 0:04:53]} 45. Be2 {[%clk 0:00:57]}  Bg6 {[%clk 0:04:47]} 46. Bd1 {[%clk 0:00:33]}  Kxg5 {[%clk 0:04:18]} 47. Bc2 {[%clk 0:00:21]}  Kf4 {[%clk 0:04:21]} 48. Bd1 {[%clk 0:00:27]}  Bh5 {[%clk 0:04:24]} 0-1

[Event "IM/GM Round-Robin"]
[Site "Heerlen and Maastricht, NL"]
[Date "2024.05.18"]
[Round "5"]
[White "Vandenbussche, Thibaut"]
[Black "Lodici, Lorenzo"]
[Result "1-0"]
[Board "1"]
[WhiteFideId "204412"]
[BlackFideId "884189"]
[WhiteTitle "IM"]
[BlackTitle "GM"]
[WhiteElo "2424"]
[BlackElo "2563"]
[WhiteTeam "BEL"]
[BlackTeam "ITA"]
[WhiteClock "0:23:11"]
[BlackClock "0:23:29"]
[Variant "Standard"]

1. e4 {[%clk 2:00:28]}  e5 {[%clk 2:00:09]} 2. Nf3 {[%clk 2:00:39]}  Nc6 {[%clk 2:00:20]} 3. d4 {[%clk 2:00:43]}  exd4 {[%clk 2:00:30]} 4. Bc4 {[%clk 2:00:54]}  Nf6 {[%clk 1:50:53]} 5. O-O {[%clk 1:58:44]}  Nxe4 {[%clk 1:50:42]} 6. Re1 {[%clk 1:58:54]}  d5 {[%clk 1:50:54]} 7. Bxd5 {[%clk 1:59:04]}  Qxd5 {[%clk 1:51:05]} 8. Nc3 {[%clk 1:59:14]}  Qa5 {[%clk 1:51:16]} 9. Nxe4 {[%clk 1:59:11]}  Be6 {[%clk 1:51:26]} 10. Neg5 {[%clk 1:59:15]}  O-O-O {[%clk 1:51:34]} 11. Nxe6 {[%clk 1:59:23]}  fxe6 {[%clk 1:51:45]} 12. Rxe6 {[%clk 1:59:30]}  Be7 {[%clk 1:45:47]} 13. Ne5 {[%clk 1:56:12]}  Nxe5 {[%clk 1:40:24]} 14. Rxe7 {[%clk 1:56:19]}  Rhe8 {[%clk 1:39:41]} 15. Bd2 {[%clk 1:53:50]}  Qb5 {[%clk 1:38:23]} 16. Rxe8 {[%clk 1:47:18]}  Rxe8 {[%clk 1:38:36]} 17. Qh5 {[%clk 1:47:06]}  g6 {[%clk 1:35:25]} 18. Qxh7 {[%clk 1:44:21]}  Qxb2 {[%clk 1:35:11]} 19. Re1 {[%clk 1:44:15]}  Qb5 {[%clk 1:23:36]} 20. f4 {[%clk 1:37:34]}  Nc4 {[%clk 0:52:58]} 21. Qxg6 {[%clk 1:36:49]}  Rf8 {[%clk 0:51:53]} 22. Bb4 {[%clk 1:28:38]}  c5 {[%clk 0:50:42]} 23. Qe6+ {[%clk 1:16:39]}  Kb8 {[%clk 0:50:33]} 24. Bd2 {[%clk 1:16:09]}  Ka8 {[%clk 0:45:53]} 25. Bc1 {[%clk 1:12:14]}  a5 {[%clk 0:42:03]} 26. f5 {[%clk 1:01:26]}  Ne3 {[%clk 0:39:47]} 27. Bxe3 {[%clk 0:57:56]}  dxe3 {[%clk 0:40:00]} 28. Qxe3 {[%clk 0:55:07]}  Qc4 {[%clk 0:40:14]} 29. Qf2 {[%clk 0:47:47]}  Qc3 {[%clk 0:37:11]} 30. h3 {[%clk 0:45:22]}  Ka7 {[%clk 0:35:31]} 31. Re6 {[%clk 0:42:35]}  Rd8 {[%clk 0:33:49]} 32. Kh2 {[%clk 0:40:11]}  Rd2 {[%clk 0:33:16]} 33. Re2 {[%clk 0:39:47]}  Rd7 {[%clk 0:31:17]} 34. Qe1 {[%clk 0:37:09]}  Qa3 {[%clk 0:31:08]} 35. Re7 {[%clk 0:35:12]}  Rd4 {[%clk 0:25:28]} 36. c3 {[%clk 0:33:51]}  Rd6 {[%clk 0:24:34]} 37. Qe5 {[%clk 0:32:38]}  Rc6 {[%clk 0:23:45]} 38. f6 {[%clk 0:25:29]}  Qxa2 {[%clk 0:23:55]} 39. f7 {[%clk 0:24:42]}  Qf2 {[%clk 0:24:05]} 40. Rxb7+ {[%clk 0:23:55]}  Ka6 {[%clk 0:23:29]} 41. Qb8 {[%clk 0:23:11]} 1-0

[Event "IM/GM Round-Robin"]
[Site "Heerlen and Maastricht, NL"]
[Date "2024.05.18"]
[Round "5"]
[White "Pham, Khoi"]
[Black "Van Dael, Siem"]
[Result "0-1"]
[Board "2"]
[WhiteFideId "1054988"]
[BlackFideId "1049771"]
[WhiteTitle "FM"]
[BlackTitle "FM"]
[WhiteElo "2399"]
[BlackElo "2275"]
[WhiteTeam "NED"]
[BlackTeam "NED"]
[WhiteClock "0:01:22"]
[BlackClock "0:57:03"]
[Variant "Standard"]

1. d4 {[%clk 1:59:59]}  Nf6 {[%clk 2:00:23]} 2. c4 {[%clk 2:00:09]}  g6 {[%clk 2:00:35]} 3. Nc3 {[%clk 2:00:01]}  Bg7 {[%clk 1:54:58]} 4. e4 {[%clk 2:00:08]}  d6 {[%clk 1:55:11]} 5. Be2 {[%clk 2:00:07]}  O-O {[%clk 1:55:20]} 6. Be3 {[%clk 2:00:16]}  Nc6 {[%clk 1:55:31]} 7. d5 {[%clk 1:59:47]}  Ne5 {[%clk 1:55:42]} 8. Rc1 {[%clk 1:59:52]}  e6 {[%clk 1:51:21]} 9. f4 {[%clk 1:59:09]}  Ned7 {[%clk 1:51:32]} 10. dxe6 {[%clk 1:59:14]}  fxe6 {[%clk 1:51:43]} 11. Nh3 {[%clk 1:59:19]}  b6 {[%clk 1:50:36]} 12. O-O {[%clk 1:58:06]}  Bb7 {[%clk 1:50:46]} 13. Qc2 {[%clk 1:57:40]}  Qe7 {[%clk 1:49:26]} 14. Rce1 {[%clk 1:56:06]}  Rae8 {[%clk 1:47:36]} 15. Bf3 {[%clk 1:55:03]}  e5 {[%clk 1:43:39]} 16. f5 {[%clk 1:50:20]}  gxf5 {[%clk 1:43:19]} 17. exf5 {[%clk 1:49:46]}  e4 {[%clk 1:39:52]} 18. Be2 {[%clk 1:44:41]}  Ne5 {[%clk 1:31:38]} 19. Bg5 {[%clk 1:38:36]}  Qd7 {[%clk 1:26:50]} 20. Nd1 {[%clk 0:53:58]}  Nfg4 {[%clk 1:24:13]} 21. Rf4 {[%clk 0:52:45]}  h5 {[%clk 1:23:17]} 22. Ref1 {[%clk 0:49:45]}  Qc6 {[%clk 1:17:22]} 23. Nhf2 {[%clk 0:36:17]}  e3 {[%clk 1:08:15]} 24. Ne4 {[%clk 0:36:28]}  Nf7 {[%clk 1:08:15]} 25. Bf3 {[%clk 0:18:22]}  e2 {[%clk 1:06:22]} 26. Nf6+ {[%clk 0:18:15]}  Nxf6 {[%clk 1:04:11]} 27. Bxc6 {[%clk 0:18:24]}  exf1=Q+ {[%clk 1:03:26]} 28. Rxf1 {[%clk 0:18:05]}  Bxc6 {[%clk 1:03:37]} 29. Bh4 {[%clk 0:17:05]}  Re4 {[%clk 1:02:51]} 30. Bxf6 {[%clk 0:13:16]}  Bxf6 {[%clk 1:03:01]} 31. Nf2 {[%clk 0:13:24]}  Re3 {[%clk 1:01:51]} 32. Qd1 {[%clk 0:13:12]}  Ne5 {[%clk 0:59:53]} 33. Qxh5 {[%clk 0:13:15]}  Rf7 {[%clk 0:59:38]} 34. Nd1 {[%clk 0:10:40]}  Re4 {[%clk 0:58:58]} 35. Nc3 {[%clk 0:09:57]}  Rxc4 {[%clk 0:58:33]} 36. Re1 {[%clk 0:08:36]}  Rg4 {[%clk 0:57:25]} 37. Re2 {[%clk 0:02:35]}  Rh7 {[%clk 0:57:34]} 38. Nd5 {[%clk 0:02:42]}  Bxd5 {[%clk 0:57:33]} 39. Qe8+ {[%clk 0:02:55]}  Kg7 {[%clk 0:57:41]} 40. Qc8 {[%clk 0:01:40]}  Rc4 {[%clk 0:56:55]} 41. Re3 {[%clk 0:01:22]}  Rc1+ {[%clk 0:57:03]} 0-1

[Event "IM/GM Round-Robin"]
[Site "Heerlen and Maastricht, NL"]
[Date "2024.05.18"]
[Round "5"]
[White "Feuerstack, Aljoscha"]
[Black "Kramer, Julian"]
[Result "1/2-1/2"]
[Board "3"]
[WhiteFideId "4681932"]
[BlackFideId "12921742"]
[WhiteTitle "IM"]
[BlackTitle "IM"]
[WhiteElo "2487"]
[BlackElo "2479"]
[WhiteTeam "GER"]
[BlackTeam "GER"]
[WhiteClock "1:58:01"]
[BlackClock "1:51:37"]
[Variant "Standard"]

1. d4 {[%clk 2:00:27]}  Nf6 {[%clk 2:00:11]} 2. c4 {[%clk 2:00:35]}  g6 {[%clk 2:00:20]} 3. g3 {[%clk 2:00:32]}  c6 {[%clk 1:59:30]} 4. Bg2 {[%clk 2:00:34]}  d5 {[%clk 1:59:34]} 5. Nf3 {[%clk 2:00:00]}  Bg7 {[%clk 1:59:41]} 6. O-O {[%clk 2:00:08]}  O-O {[%clk 1:59:51]} 7. cxd5 {[%clk 1:59:55]}  cxd5 {[%clk 1:59:12]} 8. Nc3 {[%clk 2:00:05]}  Ne4 {[%clk 1:51:39]} 9. Ne5 {[%clk 1:57:43]}  Nxc3 {[%clk 1:51:18]} 10. bxc3 {[%clk 1:57:48]}  Nc6 {[%clk 1:51:30]} 11. Nxc6 {[%clk 1:57:55]}  bxc6 {[%clk 1:51:37]} 12. Qa4 {[%clk 1:58:01]} 1/2-1/2

[Event "IM/GM Round-Robin"]
[Site "Heerlen and Maastricht, NL"]
[Date "2024.05.18"]
[Round "5"]
[White "De Winter, Arthur"]
[Black "Ernst, Sipke"]
[Result "1/2-1/2"]
[Board "4"]
[WhiteFideId "1069020"]
[BlackFideId "1004689"]
[WhiteTitle "IM"]
[BlackTitle "GM"]
[WhiteElo "2407"]
[BlackElo "2528"]
[WhiteTeam "NED"]
[BlackTeam "NED"]
[WhiteClock "0:01:12"]
[BlackClock "0:00:54"]
[Variant "Standard"]

1. e4 {[%clk 2:00:26]}  e5 {[%clk 2:00:26]} 2. Nf3 {[%clk 2:00:37]}  Nc6 {[%clk 2:00:38]} 3. Bb5 {[%clk 2:00:49]}  a6 {[%clk 2:00:49]} 4. Ba4 {[%clk 2:01:02]}  Nf6 {[%clk 2:00:41]} 5. O-O {[%clk 2:01:10]}  Be7 {[%clk 1:59:06]} 6. d3 {[%clk 2:01:20]}  d6 {[%clk 1:59:09]} 7. c4 {[%clk 2:01:29]}  O-O {[%clk 1:59:19]} 8. h3 {[%clk 2:01:28]}  Bd7 {[%clk 1:49:34]} 9. Be3 {[%clk 2:00:24]}  Re8 {[%clk 1:46:35]} 10. Nc3 {[%clk 2:00:08]}  Bf8 {[%clk 1:46:35]} 11. Rc1 {[%clk 1:57:05]}  Ne7 {[%clk 1:39:44]} 12. Nd5 {[%clk 1:37:10]}  Nfxd5 {[%clk 1:36:07]} 13. cxd5 {[%clk 1:36:19]}  Bxa4 {[%clk 1:35:15]} 14. Qxa4 {[%clk 1:36:29]}  c6 {[%clk 1:35:24]} 15. dxc6 {[%clk 1:33:47]}  Nxc6 {[%clk 1:35:35]} 16. Qb3 {[%clk 1:29:12]}  Qd7 {[%clk 1:33:22]} 17. a4 {[%clk 1:02:19]}  Rac8 {[%clk 1:27:33]} 18. Rc3 {[%clk 0:59:16]}  Be7 {[%clk 1:13:01]} 19. Rfc1 {[%clk 0:53:25]}  Bd8 {[%clk 1:02:05]} 20. Bb6 {[%clk 0:42:04]}  Na5 {[%clk 0:55:34]} 21. Qb4 {[%clk 0:40:42]}  Rxc3 {[%clk 0:45:06]} 22. bxc3 {[%clk 0:34:29]}  Bxb6 {[%clk 0:36:42]} 23. Qxb6 {[%clk 0:34:34]}  Qxa4 {[%clk 0:35:48]} 24. Qxd6 {[%clk 0:34:31]}  Qc6 {[%clk 0:31:50]} 25. Qb4 {[%clk 0:27:51]}  Qc7 {[%clk 0:31:45]} 26. Ra1 {[%clk 0:22:49]}  Nc6 {[%clk 0:31:32]} 27. Qc5 {[%clk 0:23:00]}  Qd7 {[%clk 0:30:59]} 28. Rb1 {[%clk 0:19:46]}  h6 {[%clk 0:29:52]} 29. Qe3 {[%clk 0:16:01]}  b5 {[%clk 0:19:10]} 30. d4 {[%clk 0:15:09]}  Qc7 {[%clk 0:14:10]} 31. Ra1 {[%clk 0:12:06]}  Qb6 {[%clk 0:13:25]} 32. Qd3 {[%clk 0:10:27]}  f6 {[%clk 0:11:57]} 33. d5 {[%clk 0:09:44]}  Na5 {[%clk 0:09:06]} 34. Nh4 {[%clk 0:08:38]}  Nc4 {[%clk 0:08:22]} 35. Nf5 {[%clk 0:07:55]}  Kh7 {[%clk 0:06:45]} 36. Qg3 {[%clk 0:06:36]}  g6 {[%clk 0:06:25]} 37. Nh4 {[%clk 0:06:34]}  Rg8 {[%clk 0:06:05]} 38. Qg4 {[%clk 0:06:37]}  Qd6 {[%clk 0:04:59]} 39. Qe6 {[%clk 0:04:42]}  Qxe6 {[%clk 0:04:28]} 40. dxe6 {[%clk 0:04:54]}  a5 {[%clk 0:03:31]} 41. Rd1 {[%clk 0:04:50]}  Re8 {[%clk 0:02:45]} 42. Rd7+ {[%clk 0:04:58]}  Kg8 {[%clk 0:02:59]} 43. Nxg6 {[%clk 0:04:47]}  Rxe6 {[%clk 0:03:13]} 44. Ra7 {[%clk 0:04:26]}  a4 {[%clk 0:02:47]} 45. Ne7+ {[%clk 0:04:18]}  Kf8 {[%clk 0:02:32]} 46. Nf5 {[%clk 0:04:31]}  Nd2 {[%clk 0:01:13]} 47. f3 {[%clk 0:03:34]}  Rc6 {[%clk 0:00:55]} 48. Ra8+ {[%clk 0:03:22]}  Kf7 {[%clk 0:01:09]} 49. Nxh6+ {[%clk 0:03:30]}  Kg6 {[%clk 0:00:34]} 50. Nf5 {[%clk 0:03:34]}  Rc7 {[%clk 0:00:25]} 51. h4 {[%clk 0:02:59]}  Kh7 {[%clk 0:00:39]} 52. Nd6 {[%clk 0:02:42]}  Rxc3 {[%clk 0:00:24]} 53. Ra7+ {[%clk 0:02:38]}  Kg8 {[%clk 0:00:30]} 54. h5 {[%clk 0:02:28]}  a3 {[%clk 0:00:23]} 55. h6 {[%clk 0:02:24]}  Rd3 {[%clk 0:00:21]} 56. Nxb5 {[%clk 0:01:47]}  Nc4 {[%clk 0:00:31]} 57. Ra4 {[%clk 0:01:03]}  Rb3 {[%clk 0:00:30]} 58. Nxa3 {[%clk 0:00:56]}  Nxa3 {[%clk 0:00:36]} 59. Ra6 {[%clk 0:01:09]}  Nc4 {[%clk 0:00:40]} 60. Rxf6 {[%clk 0:01:22]}  Rb6 {[%clk 0:00:43]} 61. Rxb6 {[%clk 0:01:12]}  Nxb6 {[%clk 0:00:54]} 1/2-1/2